| 000 | 01104nam a22002297a 4500 | ||
|---|---|---|---|
| 001 | 8197 | ||
| 003 | FISKH | ||
| 005 | 20250902083946.0 | ||
| 008 | 250902b cb ||||| |||| 00| 0 eng d | ||
| 020 | _a9781597071567 | ||
| 040 |
_aFISKH _beng _cFISKH _dFISKH |
||
| 082 | _a741.5 | ||
| 100 | _aFarshtey, Greg | ||
| 245 |
_aThe underwater city : _bBionicle, Volume 6 / _cWritter: Greg Farshtey ; Artist : Stuart Sayger, Christian Zanier |
||
| 260 |
_aNew York : _bPapercutz, _c2009. |
||
| 300 |
_a92 pages : _bcolor illustrations ; _c20 cm |
||
| 520 | _aAfter its discovery by an inventor named Defilak, the Mask of Light begins to reveal a deadly secret that becomes apparent to those who witness its effects on the user. For while its power gives the wearer great strength that could be used for good, the Mask of Light or "Ignika" as it comes to be called, brings paranoia, jealousy, and madness to anyone who wears it. The struggle for the Mask of Light continues. | ||
| 700 |
_aSayger, Stuart _eillustrator |
||
| 700 |
_aZanier, Christian _eillustrator |
||
| 942 |
_2ddc _cBK _n0 |
||
| 999 |
_c8197 _d8197 |
||